000 00246nam a22001097a 4500
082 _a671.732 LOW'E
100 _aLOWERNHEIN, F. A
_976105
245 _aELECTROPLATING
260 _aNEWYORK
_bMCGRAW HILL
_c1978
300 _aXII, 594P
942 _cBK
999 _c581530
_d581530